<?xml version="1.0" encoding="UTF-8"?>
<record
    xmlns:xsi="http://www.w3.org/2001/XMLSchema-instance"
    xsi:schemaLocation="http://www.loc.gov/MARC21/slim http://www.loc.gov/standards/marcxml/schema/MARC21slim.xsd"
    xmlns="http://www.loc.gov/MARC21/slim">

  <leader>01923nam a2200289Ia 4500</leader>
  <controlfield tag="001">H6566</controlfield>
  <controlfield tag="003">IT-RoPAU</controlfield>
  <controlfield tag="008">130308s9999    xx            000 0 und d</controlfield>
  <datafield tag="040" ind1=" " ind2=" ">
    <subfield code="a">IT-RoPAU</subfield>
  </datafield>
  <datafield tag="040" ind1=" " ind2=" ">
    <subfield code="c">IT-RoPAU</subfield>
  </datafield>
  <datafield tag="041" ind1=" " ind2=" ">
    <subfield code="a">ITALIANO</subfield>
  </datafield>
  <datafield tag="100" ind1=" " ind2=" ">
    <subfield code="a">Bargellini Piero</subfield>
  </datafield>
  <datafield tag="100" ind1=" " ind2=" ">
    <subfield code="g">Codice Aut. SPICS: 58572</subfield>
  </datafield>
  <datafield tag="245" ind1=" " ind2=" ">
    <subfield code="a">Belvedere - II- Arte etrusca - Panorama storico dell'arte</subfield>
  </datafield>
  <datafield tag="245" ind1=" " ind2=" ">
    <subfield code="b">Belvedere - Ii- Arte Etrusca - Panorama Storico dell'arte </subfield>
  </datafield>
  <datafield tag="250" ind1=" " ind2=" ">
    <subfield code="a">1a ed.</subfield>
  </datafield>
  <datafield tag="260" ind1=" " ind2=" ">
    <subfield code="a">FIRENZE</subfield>
  </datafield>
  <datafield tag="260" ind1=" " ind2=" ">
    <subfield code="b">Vallecchi</subfield>
  </datafield>
  <datafield tag="260" ind1=" " ind2=" ">
    <subfield code="c">1958 [1&#xB0; Ed.:1958 - Ed.Ling.Originale:1958]</subfield>
  </datafield>
  <datafield tag="300" ind1=" " ind2=" ">
    <subfield code="a">"340 p. (prefazione: no ; testo: 340 [pagine: 0-0])"</subfield>
  </datafield>
  <datafield tag="500" ind1=" " ind2=" ">
    <subfield code="a">"Ceneri Dentro Vaso Biconico e Civilt&#xE0; Villanoviana. Elmo Sul Vaso Cinerario e misterioso Popolo degli Etruschi. Lituo Ricurvo e Etrusca Disciplina. Busto del Lucumone e Prima Dodecapoli. tombe Rotonde e Arte Orientaleggiante. Leggenda di Roma e Realt&#xE0; di Misa presso Marzabotto. Tempio di Legno e suo Rivestimento in Terracotta. sorriso di Vulca e scultura  Etrusca. Quartiere del vivo Defunto e tombe Scavate nella Roccia. tombe Violate e Suppellettili della Casa. proiezione dei Vasi e Pareti Decorate. Uovo della Fecondit&#xE0; e Ghirlanda della Vita. Musica Attorno al Triclinio e Decorazione di Stile Attico. tomba del Littore e caduta di Veio. Iato Etrusco e Mater Matuta. regno della Morte e Arrivo nella tomba dei Velii. tomba dell'Orco e Veliasposa Triste del Velca. Tregua dei Quarant'Anni e tomba dei rilievi Dipinti. Vita Stagnante e Urnette Cinerarie. gusto Ellenistico e Ipogeo dei Volumni. piccola Aconia Quartilla e L'Etruria Romanizzata. Fratelli D'Aconia e nuove generazioni degli Etruschi. Indici: Riassunto del Secondo Volume; tavole a Colori; Illustrazioni in Nero; Nomi e Cose Notevoli."</subfield>
  </datafield>
  <datafield tag="650" ind1=" " ind2=" ">
    <subfield code="a">STORIA UNIVERSALE DELLE ARTI VISIVE</subfield>
  </datafield>
  <datafield tag="650" ind1=" " ind2=" ">
    <subfield code="e">Codice materia Spics: 5009</subfield>
  </datafield>
  <datafield tag="942" ind1=" " ind2=" ">
    <subfield code="c">BK</subfield>
  </datafield>
  <datafield tag="957" ind1=" " ind2=" ">
    <subfield code="7">1</subfield>
  </datafield>
  <datafield tag="999" ind1=" " ind2=" ">
    <subfield code="c">90622</subfield>
    <subfield code="d">90622</subfield>
  </datafield>
  <datafield tag="999" ind1=" " ind2=" ">
    <subfield code="g">1</subfield>
  </datafield>
  <datafield tag="952" ind1=" " ind2=" ">
    <subfield code="0">0</subfield>
    <subfield code="1">0</subfield>
    <subfield code="4">0</subfield>
    <subfield code="6">H_000000000000000_6566</subfield>
    <subfield code="7">1</subfield>
    <subfield code="a">SPICS</subfield>
    <subfield code="b">SPICS</subfield>
    <subfield code="d">2013-03-08</subfield>
    <subfield code="l">0</subfield>
    <subfield code="o">H6566</subfield>
    <subfield code="r">2013-03-08 00:00:00</subfield>
    <subfield code="w">2013-03-08</subfield>
    <subfield code="y">BK</subfield>
    <subfield code="z">Progressivo inserimento:  22098 /  N. Volumi: 1 Copie: 1  / data import: 1 marzo 2013 - By Epidotti, Trombetti, Vaglietti. </subfield>
  </datafield>
</record>
